Catálogo

EL AMOR CONYUGAL : (Registro nro. 11201)

Detalles MARC
000 -LEADER
fixed length control field 00479nam a2200181 a 4500
001 - CONTROL NUMBER
control field 11201
005 - DATE AND TIME OF LATEST TRANSACTION
control field 20180713195343.0
008 - FIXED-LENGTH DATA ELEMENTS--GENERAL INFORMATION
fixed length control field 140415s1967 000 0 spa d
041 ## - LANGUAGE CODE
Language code of text/sound track or separate title spa
082 ## - DEWEY DECIMAL CLASSIFICATION NUMBER
Classification number 253.2
Item number SME
100 1# - MAIN ENTRY--PERSONAL NAME
Personal name SMEDT, E. J. DE
245 13 - TITLE STATEMENT
Title EL AMOR CONYUGAL :
Remainder of title PARTORAL DIALOGO
250 ## - EDITION STATEMENT
Edition statement 2a ed.
260 ## - PUBLICATION, DISTRIBUTION, ETC.
Place of publication, distribution, etc. [s.l.] :
Name of publisher, distributor, etc. HERDER,
Date of publication, distribution, etc. 1967
300 ## - PHYSICAL DESCRIPTION
Extent 173
650 14 - SUBJECT ADDED ENTRY--TOPICAL TERM
Topical term or geographic name entry element FAMILIA CRISTIANA
General subdivision VIDA CRISTIANA
700 1# - ADDED ENTRY--PERSONAL NAME
Personal name VALLVERDU, J.
Relator term coaut.
Existencias
Withdrawn status Lost status Source of classification or shelving scheme Damaged status Not for loan Collection code Home library Current library Shelving location Date acquired Source of acquisition Inventory number Total Checkouts Full call number Barcode Date last seen Price effective from Koha item type
    Dewey Decimal Classification     General Biblioteca Karol Wojtyla Biblioteca Karol Wojtyla Sala general 03/12/2013 Compra 151000000000000000056624   253.2 SME 26580 05/01/2026 03/12/2013 Libro